[Event "Araraquara op 2nd"]
[Site "Araraquara"]
[Date "2024.02.12"]
[Round "5"]
[White "Vieira, Luana Saddi"]
[Black "Janas, Alexandre Pedroso"]
[Result "1-0"]
[WhiteElo "1473"]
[BlackElo "1800"]
[PlyCount "67"]
[EventDate "2024.02.10"]
[EventType "swiss"]
[EventRounds "7"]
[EventCountry "BRA"]
[SourceTitle "CB09_2024"]
[SourceDate "2024.02.28"]
[SourceVersion "1"]
[SourceVersionDate "2024.02.28"]
[SourceQuality "1"]

1. e4 c5 2. c3 Nf6 3. e5 Nd5 4. d4 cxd4 5. cxd4 e6 6. a3 d6 7. Nf3 Nc6 8. Bd3 dxe5 9. dxe5 g6 10. Bg5 Qc7 11. Qa4 Bg7 12. Bb5 Bd7 13. Bxc6 Bxc6 14. Qd4 0-0 15. 0-0 Ne7 16. Nbd2 Rfd8 17. Qf4 Rd5 18. Rfe1 Be8 19. Rac1 Nc6 20. Nc4 a6 21. Ne3 Rb5 22. Nc4 Rd5 23. b4 Rb8 24. Ne3 Rd3 25. Ng4 Ne7 26. Rxc7 Nd5 27. Qe4 Rxa3 28. Rc4 Bc6 29. Qc2 Kf8 30. Nd4 Bd7 31. Rc7 Nb6 32. Qc5+ Kg8 33. Qxb6 Rd3 34. Rxd7 1-0